Птица съм... (Запис номер 512792)
[ съкратено ]
| 000 -Лидер | |
|---|---|
| Лидер | 01143nam a2200265 a 4500 |
| 003 - Код на организацията, давaща контролен номер | |
| Код на организацията, даваща контролен номер | BLK |
| 005 - Дата и час на последна редакция | |
| Дата и час на последна редакция | 20240621132655.0 |
| 007 - Фиксирано поле за физическо описани | |
| Физическо описание | ta |
| 008 - Елементи от данни с фиксирана дължина | |
| Елементи с фиксирана дължина | 221104b bu |||||r|||| 00| | bu d |
| 020 ## - Международен стандартен номер на книга ISBN | |
| ISBN | 9786192042691 |
| 040 ## - Източник на каталожния запис | |
| Код на библиотеката | BLK |
| 041 ## - Код за език | |
| Език | Български |
| Език за КДБФ | Български |
| 080 ## - УДК | |
| 9 (RLIN) | 227592 |
| УДК текст | Българска литература |
| УДК код | 821.163.2 |
| УДК – определител | -1 |
| УДК – код + определител | 821.163.2-1 |
| 084 ## - Класификационен индекс по друга класификация | |
| Авторски знак | Павло - П 13 |
| 100 ## - Редна дума - Автор | |
| R(LIN) | 372200 |
| Автор | Павлова, Лалка |
| 245 ## - Сведения за заглавието | |
| Заглавие | Птица съм... |
| Подзаглавни данни | избрана поезия |
| Авторска отговорност | Лалка Павлова |
| 260 ## - Област на издателските данни | |
| 9 (RLIN) | 209502 |
| Място на издаване | София |
| Име на издателя | Бълг. писател |
| Година на издаване | 2024 |
| Печатница | В. Търново: ВТУ Принт |
| 300 ## - Физическа характеристика | |
| Брой страници | 180 с. |
| Илюстрации | с ил. |
| Размер | 21 см |
| 380 ## - Жанр | |
| Жанр | Худож. лит. |
| 500 ## - Общи забележки | |
| Обща забележка | Пълната форма на името на авт. Лалка Павлова е Лалка Павлова Димитрова<br/>Възходящ полет / Банко П. Банков: с. 5-14 ; За автора: с. 172-175<br/>Кн. е ил. с рис. на Калин Павлов |
| 852 ## - Местоположение | |
| Сигнатура (форматна) | Цб 323626 |
| Отдел | Хранилище |
| 856 ## - Електронен адрес и достъп | |
| Инструкция (цена за достъп) | 0.00 |
| Права за достъп | disable |
| 942 ## - АРТИКУЛИ | |
| Вид на библиотечния документ | Книги |
| Скрит в OPAC | Не |
| 944 ## - СЪЗДАВАНЕ И РЕДАКЦИЯ на ЗАПИСА | |
| Създаване/Редакция | |
| Дата на регистрацията/редакция | Моника Янева |
| Служител, извършил регистрацията/редакцията | 30570 |
| Номер на служител | Моника Янева |
| 999 ## - СИСТЕМНИ КОНТРОЛНИ НОМЕРА | |
| Koha biblionumber | 512792 |
| Koha biblioitemnumber | 512792 |
| Код за отписване | Код за изгубен артикул | Източник на класификационната схема | Код за повреда | Коз за рестрикции | Код за отдаване | Артикулен № | Име на библиотеката - собственик | Име на библиотеката, в която се намира в момента | Статус (Текущо местоположение) | Дата на вписване в системата | Местоположение - отдел | Цена в лева | Инвентарен номер | Систематично азбучна сигнатура | Баркод | Цена в евро | Служебен тип на артикула |
|---|---|---|---|---|---|---|---|---|---|---|---|---|---|---|---|---|---|
| Не е изгубен | Universal Decimal Classification | Не е повреден | само за читалня | ползва се в читалня | 945182 | Регионална библиотека "Любен Каравелов" Русе | Регионална библиотека "Любен Каравелов" Русе | Хранилище | 2024-07-03 | Хранилище | 15.00 | 120000910296 | Цб 323626 | 120000910296 | 7.67 | Книги |